000 00705nam a2200205 4500
001 136150
003 ES-MaACL
005 20240513120104.0
007 t|
008 070214s1941 ag r ||||1| spa d
100 1 _aSaavedra Fajardo, Diego de.
_9101141
245 1 3 _aEl pensamiento vivo de Saavedra Fajardo /
_cDiego de Saavedra Fajardo ; presentado por Francisco Ayala.
260 _aBuenos Aires :
_bLosada,
_c1941.
300 _a213 p., 1 lám. :
_bil. `retr. aut.` ;
_c18 cm.
490 1 _aBiblioteca pensamiento vivo
700 1 _aAyala, Francisco,
_d1906-2009
_924111
830 0 _aBiblioteca pensamiento vivo
_9219977
852 _aES-MaACL
_jB-10481
_bR.22437
999 _c136150
_d136150